00722 2200265 4500001002100000005001500021035002500036008004100061020002200102040001700124082001400141084001600155090002000171090002100191100002400212245006400236250001100300260003000311300002500341650003300366850001200399007000300411999002100414990002100435INLIS00000000000466920200605102530 a0010-041500000001735150428s2014 yoi fr ind d a978-979-29-3732-9 aYOPDYOGbind04222a248.4 a248.4 IWA u aDEP 248.4 IWA u aCB-D.11 2014-8740 aIwan Setiawan Elyon00aThe unstoppable force for prosperity /cIwan Setiawan Elyon aCet. 13 aYogyakarta :bAndi,c2014 a162 halaman ;c21 cm 4aKehidupan beragama (Kristen) aYOPDYOGta aCB-D.11/2014-874 aCB-D.11/2014-874